[Event "División  Honor Aragonesa 2018 "]
[Site "Aragon"]
[Date "2018.02.17"]
[Round "4.14"]
[White "Villuendas Valero, Adrian"]
[Black "Abril Avellanas, Eduardo"]
[Result "1/2-1/2"]
[WhiteElo "2291"]
[BlackElo "2142"]
[PlyCount "86"]
[EventDate "2018.??.??"]
[EventType "tourn"]
[EventRounds "10"]
[EventCountry "ESP"]
[WhiteTeam "El Olivar"]
[BlackTeam "Atletismo Huesca"]

1. d4 Nf6 2. c4 g6 3. Nc3 Bg7 4. e4 d6 5. Be2 O-O 6. Nf3 e5 7. O-O Nc6 8. d5
Ne7 9. b4 a5 10. Ba3 Nd7 11. bxa5 Rxa5 12. Bb4 Ra8 13. a4 h6 14. Nd2 f5 15. Bf3
fxe4 16. Ndxe4 Nf5 17. Bg4 h5 18. Be2 Nd4 19. Bd3 Qe7 20. Ra3 Nc5 21. Nb5 Bf5
22. Re1 Nxe4 23. Bxe4 Nxb5 24. cxb5 b6 25. Qc2 Rf7 26. Rc3 Bh6 27. Rc4 Kh7 28.
Bd2 Bxd2 29. Qxd2 Bxe4 30. Rexe4 Raf8 31. f3 Rf4 32. Qc1 Rxe4 33. Rxe4 Rf7 34.
Rc4 Kg7 35. Qc3 Kh7 36. Qe3 Qf6 37. h3 Qf5 38. Qc1 Qd7 39. Qg5 Kg7 40. Kh2 Rf5
41. Qc1 Rf7 42. Qg5 Rf5 43. Qc1 Rf7 1/2-1/2

[Event "División  Honor Aragonesa 2018 "]
[Site "Aragon"]
[Date "2018.02.17"]
[Round "4.15"]
[White "Gella Lopez, Angel"]
[Black "Palacios Latasa, Elias"]
[Result "0-1"]
[WhiteElo "2110"]
[BlackElo "2210"]
[PlyCount "54"]
[EventDate "2018.??.??"]
[EventType "tourn"]
[EventRounds "10"]
[EventCountry "ESP"]
[WhiteTeam "Atletismo Huesca"]
[BlackTeam "El Olivar"]

1. d4 Nf6 2. c4 g6 3. Nc3 d5 4. Bg5 Ne4 5. Bh4 Nxc3 6. bxc3 dxc4 7. e3 Be6 8.
Nf3 Bg7 9. Be2 c5 10. O-O Nc6 11. Qc2 cxd4 12. Nxd4 Nxd4 13. cxd4 O-O 14. Rab1
Bf5 15. e4 Qxd4 16. exf5 Qxh4 17. fxg6 hxg6 18. Rxb7 c3 19. Rd1 Rfd8 20. Bf3
Qf4 21. Rxe7 Rac8 22. Bd5 Qf5 23. Be4 Rxd1+ 24. Qxd1 c2 25. Qc1 Qf6 26. Bb7
Qxe7 27. Bxc8 Bb2 0-1

[Event "División  Honor Aragonesa 2018 "]
[Site "Aragon"]
[Date "2018.02.17"]
[Round "4.16"]
[White "Hernando Garcia, Antonio"]
[Black "Laplaza Ara, Carlos"]
[Result "1/2-1/2"]
[WhiteElo "2158"]
[BlackElo "1939"]
[PlyCount "137"]
[EventDate "2018.??.??"]
[EventType "tourn"]
[EventRounds "10"]
[EventCountry "ESP"]
[WhiteTeam "El Olivar"]
[BlackTeam "Atletismo Huesca"]

1. c4 Nf6 2. Nc3 d5 3. cxd5 Nxd5 4. Nxd5 Qxd5 5. Nf3 e5 6. d3 Bb4+ 7. Bd2 Bxd2+
8. Qxd2 O-O 9. g3 c6 10. Bg2 Be6 11. O-O Nd7 12. Ng5 Qd6 13. Nxe6 Qxe6 14. Rfc1
Rab8 15. Qa5 a6 16. b4 Rfc8 17. Rc4 g6 18. Rac1 Nf6 19. R1c2 Rd8 20. Qa3 Rd4
21. Rxd4 exd4 22. Qb2 Rd8 23. a4 Qe5 24. Rc5 Qe7 25. Bf3 Qd6 26. Rc4 Qe5 27. b5
axb5 28. axb5 Qxb5 29. Qxb5 cxb5 30. Rb4 b6 31. Rxb5 Rd6 32. g4 h6 33. h4 Ne8
34. Rb2 Nc7 35. Rc2 Ne6 36. Rc8+ Kg7 37. Be4 Nc5 38. f3 Kf6 39. Kf2 Nxe4+ 40.
fxe4 g5 41. h5 Ke7 42. e3 Rf6+ 43. Ke2 dxe3 44. Rh8 b5 45. Rb8 Rf4 46. Rxb5
Rxg4 47. Rb6 Rh4 48. Rxh6 Rh3 49. Rh8 Kf6 50. d4 Kg7 51. Ra8 Rxh5 52. Kxe3 Rh3+
53. Ke2 Kf6 54. Ra6+ Ke7 55. e5 Rb3 56. Rf6 g4 57. Kf2 g3+ 58. Kg2 Rd3 59. Rf4
Ke6 60. Rf6+ Ke7 61. Rf4 Ke6 62. Rf6+ Ke7 63. Rf4 Ke6 64. Kh3 Ke7 65. Rg4 Ke6
66. Rh4 Kd5 67. Rf4 Rxd4 68. Kxg3 Rxf4 69. Kxf4 1/2-1/2

[Event "División  Honor Aragonesa 2018 "]
[Site "Aragon"]
[Date "2018.02.17"]
[Round "4.17"]
[White "Nicolas Zapata, Irene"]
[Black "Baron Rodriguez, Jesus"]
[Result "0-1"]
[WhiteElo "2244"]
[BlackElo "2423"]
[PlyCount "88"]
[EventDate "2018.??.??"]
[EventType "tourn"]
[EventRounds "10"]
[EventCountry "ESP"]
[WhiteTeam "Teruel"]
[BlackTeam "Ibercaja"]

1. Nf3 d5 2. g3 Bg4 3. Bg2 Nd7 4. d4 e6 5. O-O Ngf6 6. c4 c6 7. b3 Bd6 8. Bb2
O-O 9. Nbd2 a5 10. Ne5 Bf5 11. Re1 a4 12. bxa4 Bb4 13. Rf1 Qa5 14. Nxd7 Nxd7
15. e4 Bxd2 16. exf5 dxc4 17. fxe6 Nf6 18. Ba3 Rfd8 19. Be7 Rxd4 20. Bxf6 gxf6
21. exf7+ Kxf7 22. Qb1 Kg8 23. Qxb7 c3 24. Qxc6 Rad8 25. Qe6+ Kg7 26. Rab1 R8d7
27. Bc6 Rf7 28. Be8 Rc7 29. Rb5 Qa8 30. Rb6 Qd8 31. Rc6 Qe7 32. Qf5 Rxc6 33.
Bxc6 Qe5 34. Qc2 Rb4 35. Rb1 Rb2 36. Rxb2 cxb2 37. Be4 Bc3 38. Bxh7 Qe1+ 39.
Kg2 Bd4 40. Bd3 Kh6 41. h4 b1=Q 42. Qxb1 Qxf2+ 43. Kh3 Be5 44. Kg4 f5+ 0-1

[Event "División  Honor Aragonesa 2018 "]
[Site "Aragon"]
[Date "2018.02.17"]
[Round "4.18"]
[White "Moreno Gracia, Daniel"]
[Black "Martin Catalan, Juan Vicente"]
[Result "1-0"]
[WhiteElo "2309"]
[BlackElo "2055"]
[PlyCount "45"]
[EventDate "2018.??.??"]
[EventType "tourn"]
[EventRounds "10"]
[EventCountry "ESP"]
[WhiteTeam "Ibercaja"]
[BlackTeam "Teruel"]

1. Nf3 Nf6 2. c4 e6 3. g3 d5 4. d4 Be7 5. Bg2 O-O 6. O-O dxc4 7. Qc2 a6 8. a4
Nbd7 9. Nbd2 c5 10. dxc5 Bxc5 11. Nxc4 Qe7 12. Rd1 h6 13. Be3 Nd5 14. Bxc5 Qxc5
15. Qb3 Rb8 16. Rac1 Qb4 17. Qxb4 Nxb4 18. Nd6 Nd5 19. e4 N5f6 20. Rc7 Ne8 21.
Rxc8 Rxc8 22. Nxc8 Nc5 23. Nb6 1-0

[Event "División  Honor Aragonesa 2018 "]
[Site "Aragon"]
[Date "2018.02.17"]
[Round "4.19"]
[White "Gomez Calomarde, Saul"]
[Black "Torcal Miguel, Oscar"]
[Result "0-1"]
[WhiteElo "2026"]
[BlackElo "2210"]
[PlyCount "62"]
[EventDate "2018.??.??"]
[EventType "tourn"]
[EventRounds "10"]
[EventCountry "ESP"]
[WhiteTeam "Teruel"]
[BlackTeam "Ibercaja"]

1. d4 Nf6 2. Nf3 g6 3. Bf4 Bg7 4. e3 d6 5. h3 O-O 6. Be2 Nfd7 7. O-O c5 8. c3
Nc6 9. Bh2 cxd4 10. cxd4 a6 11. a4 Nf6 12. Nc3 Bf5 13. Qb3 Na5 14. Qa3 Rc8 15.
Nd2 Be6 16. Rfc1 Qd7 17. e4 d5 18. b4 Nc6 19. e5 Ne4 20. Nb3 Bh6 21. f4 g5 22.
b5 Nb8 23. Nc5 Nxc5 24. dxc5 gxf4 25. Rd1 Qc7 26. Nxd5 Qxc5+ 27. Qxc5 Rxc5 28.
Nxe7+ Kg7 29. bxa6 bxa6 30. Bg4 Rxe5 31. Rd4 Bxg4 0-1

[Event "División  Honor Aragonesa 2018 "]
[Site "Aragon"]
[Date "2018.02.17"]
[Round "4.20"]
[White "Garcia Monterde, Francisco Jos"]
[Black "Barcena Laguia, Francisco"]
[Result "1-0"]
[WhiteElo "1873"]
[BlackElo "1849"]
[PlyCount "67"]
[EventDate "2018.??.??"]
[EventType "tourn"]
[EventRounds "10"]
[EventCountry "ESP"]
[WhiteTeam "Ibercaja"]
[BlackTeam "Teruel"]

1. c4 Nf6 2. g3 c5 3. Bg2 Nc6 4. Nc3 d6 5. Nf3 g6 6. O-O Bg7 7. d4 cxd4 8. Nxd4
Bd7 9. e4 Nxe4 10. Nxc6 Nxc3 11. Nxd8 Nxd1 12. Nxb7 Nxb2 13. Bxb2 Bxb2 14. Rab1
Be5 15. Nxd6+ Bxd6 16. Bxa8 O-O 17. Bd5 Rc8 18. Rb7 Bh3 19. Rd1 Bc5 20. Bf3 Be6
21. Be2 Kf8 22. a4 Rc6 23. h4 h5 24. a5 Bf5 25. Rd8+ Kg7 26. Bf3 Re6 27. Rd5
Bd6 28. Rxa7 Re1+ 29. Kg2 Be6 30. Rd1 Re5 31. Bd5 Bg4 32. Rd2 Bf5 33. Rb7 e6
34. Bf3 1-0

[Event "División  Honor Aragonesa 2018 "]
[Site "Aragon"]
[Date "2018.02.17"]
[Round "4.21"]
[White "Roche Simon, Manuel Angel"]
[Black "Gavin Roche, Enrique"]
[Result "1/2-1/2"]
[WhiteElo "2210"]
[BlackElo "2231"]
[PlyCount "99"]
[EventDate "2018.??.??"]
[EventType "tourn"]
[EventRounds "10"]
[EventCountry "ESP"]
[WhiteTeam "Delicias"]
[BlackTeam "ONCE C.A. Aragon"]

1. e4 e6 2. d4 d5 3. Nd2 c5 4. Ngf3 cxd4 5. Nxd4 Nc6 6. Nxc6 bxc6 7. Bd3 Nf6 8.
O-O Bc5 9. e5 Nd7 10. Qh5 g6 11. Qe2 Qc7 12. Nf3 Bf8 13. c4 Nc5 14. b3 a5 15.
Be3 Nxd3 16. Qxd3 dxc4 17. bxc4 h6 18. Rfd1 c5 19. Rab1 Be7 20. Qb3 g5 21. Qb6
Qxb6 22. Rxb6 Ba6 23. Rc1 Kd7 24. Nd2 Kc7 25. Rb3 a4 26. Rbb1 Rab8 27. Kf1 Rb4
28. a3 Rxb1 29. Rxb1 Rd8 30. Ke2 Rd5 31. f4 gxf4 32. Bxf4 Bg5 33. Rf1 Bxf4 34.
Rxf4 Rxe5+ 35. Kd3 Rf5 36. Rxf5 exf5 37. g3 Kd6 38. Nb1 Bb7 39. Nc3 Bc6 40. Ke3
Ke5 41. Ne2 Be4 42. Nf4 Bc2 43. Nh5 Bb3 44. Kd3 Ba2 45. Nf4 Bb1+ 46. Ke3 Be4
47. Ne2 Bc6 48. Nf4 Be4 49. Ne2 Bc2 50. Nf4 1/2-1/2

[Event "División  Honor Aragonesa 2018 "]
[Site "Aragon"]
[Date "2018.02.17"]
[Round "4.22"]
[White "Laliena Solanes, Luis"]
[Black "Llanes Luno, Ricardo"]
[Result "1/2-1/2"]
[WhiteElo "2140"]
[BlackElo "2179"]
[PlyCount "51"]
[EventDate "2018.??.??"]
[EventType "tourn"]
[EventRounds "10"]
[EventCountry "ESP"]
[WhiteTeam "ONCE C.A. Aragon"]
[BlackTeam "Delicias"]

1. e4 d5 2. exd5 Qxd5 3. Nc3 Qd6 4. d4 Nf6 5. Nf3 Bg4 6. Be2 e6 7. Be3 a6 8. h3
Bh5 9. g4 Bg6 10. Ne5 Nc6 11. Nxg6 hxg6 12. Qd2 O-O-O 13. O-O-O Qb4 14. g5 Nd5
15. Nxd5 Qxd2+ 16. Rxd2 exd5 17. Bg4+ Kb8 18. Bf4 Re8 19. Bf3 Rh4 20. Bg3 Rxd4
21. Rxd4 Nxd4 22. Bxd5 Ne2+ 23. Kb1 Nxg3 24. fxg3 f6 25. gxf6 gxf6 26. Bf7
1/2-1/2

[Event "División  Honor Aragonesa 2018 "]
[Site "Aragon"]
[Date "2018.02.17"]
[Round "4.23"]
[White "Lamas Mercadal, Manuel"]
[Black "Fuertes Garay, Javier"]
[Result "1-0"]
[WhiteElo "2133"]
[BlackElo "2040"]
[PlyCount "57"]
[EventDate "2018.??.??"]
[EventType "tourn"]
[EventRounds "10"]
[EventCountry "ESP"]
[WhiteTeam "Delicias"]
[BlackTeam "ONCE C.A. Aragon"]

1. e4 e5 2. Nf3 Nc6 3. Bc4 Bc5 4. c3 Nf6 5. d3 a6 6. Bb3 d6 7. Nbd2 O-O 8. Nf1
Qe7 9. Bg5 Be6 10. Ng3 Bb6 11. Nh5 Bg4 12. Bxf6 gxf6 13. Ng3 Kh8 14. Qd2 Rg8
15. Nh4 Rg5 16. O-O Rag8 17. Kh1 Be6 18. f4 Rg4 19. Ngf5 Bxf5 20. Nxf5 Qf8 21.
g3 R4g6 22. Rf3 Ne7 23. Nh4 R6g7 24. Raf1 Qc8 25. fxe5 fxe5 26. Rxf7 Qh3 27.
Qh6 Qg4 28. Rxe7 Rxe7 29. Bxg8 1-0

[Event "División  Honor Aragonesa 2018 "]
[Site "Aragon"]
[Date "2018.02.17"]
[Round "4.24"]
[White "Ferrer Echavarri, Fco Javier"]
[Black "Neila Castillo, Miguel Angel"]
[Result "0-1"]
[WhiteElo "1930"]
[BlackElo "2128"]
[PlyCount "50"]
[EventDate "2018.??.??"]
[EventType "tourn"]
[EventRounds "10"]
[EventCountry "ESP"]
[WhiteTeam "ONCE C.A. Aragon"]
[BlackTeam "Delicias"]

1. d4 Nf6 2. c4 e6 3. Nc3 c5 4. d5 exd5 5. cxd5 d6 6. Bf4 g6 7. Nf3 Bg7 8. Qa4+
Bd7 9. Qb3 Qc7 10. e4 O-O 11. O-O-O Nh5 12. Bg5 h6 13. Be7 Re8 14. e5 Rxe7 15.
exd6 Qxd6 16. Qxb7 Qb6 17. Qxa8 Re8 18. Bc4 Na6 19. Qxe8+ Bxe8 20. d6 Bd4 21.
Rhe1 Kf8 22. Re7 Qxd6 23. Rxa7 Nc7 24. Nxd4 cxd4 25. Nd5 Nxd5 0-1

[Event "División  Honor Aragonesa 2018 "]
[Site "Aragon"]
[Date "2018.02.17"]
[Round "4.25"]
[White "Hinojar Basa, Alfonso"]
[Black "Cifuentes Parada, Roberto"]
[Result "0-1"]
[WhiteElo "2199"]
[BlackElo "2465"]
[PlyCount "158"]
[EventDate "2018.??.??"]
[EventType "tourn"]
[EventRounds "10"]
[EventCountry "ESP"]
[WhiteTeam "Marcos Frechin"]
[BlackTeam "Jaque"]

1. e4 c5 2. Nf3 e6 3. d4 cxd4 4. Nxd4 Nc6 5. Nc3 d6 6. g4 h6 7. h4 a6 8. Bg2
Nge7 9. Nb3 b5 10. Be3 Bb7 11. f4 Na5 12. Nxa5 Qxa5 13. Qe2 b4 14. Nd1 d5 15.
f5 dxe4 16. fxe6 fxe6 17. O-O Nd5 18. Bxe4 O-O-O 19. Bf2 Bd6 20. c4 Nf6 21.
Bxb7+ Kxb7 22. Qf3+ Kb8 23. Bg3 Qc7 24. Bxd6 Rxd6 25. Ne3 Rd2 26. Rf2 Rhd8 27.
Raf1 Qe5 28. Rd1 Rxd1+ 29. Nxd1 Rd4 30. Ne3 Re4 31. Re2 Qd4 32. Kg2 Qd3 33. g5
hxg5 34. hxg5 Nd7 35. Kf2 Qd4 36. Ke1 Rf4 37. Qc6 Re4 38. Kf2 Nc5 39. Qb6+ Kc8
40. Qc6+ Kd8 41. Kf3 Nd7 42. Qxe4 Ne5+ 43. Kf4 Ng6+ 44. Kf3 Nh4+ 45. Qxh4 Qxh4
46. Rg2 Kc7 47. b3 Qd4 48. Rg4 Qa1 49. Rg2 Kd6 50. Ke4 Qh1 51. Kd4 e5+ 52. Ke4
g6 53. c5+ Ke6 54. c6 Qh4+ 55. Rg4 Qh2 56. Rg2 Qf4+ 57. Kd3 Qd4+ 58. Ke2 e4 59.
Nc4 Qd3+ 60. Kf2 Qf3+ 61. Kg1 Qf4 62. Rc2 e3 63. c7 Qxc7 64. Nxe3 Qf4 65. Nf1
Qxg5+ 66. Rg2 Qc5+ 67. Kh2 Qe5+ 68. Kg1 g5 69. Ng3 Qd4+ 70. Kh2 Ke5 71. Nh1 Kf5
72. Ng3+ Kg6 73. Nh1 g4 74. Nf2 Qf4+ 75. Kg1 g3 76. Kf1 Qf3 77. Kg1 Kh5 78. Kf1
Kh4 79. Kg1 Qe2 0-1

[Event "División  Honor Aragonesa 2018 "]
[Site "Aragon"]
[Date "2018.02.17"]
[Round "4.26"]
[White "Gonzalez Gambau, Jorge"]
[Black "Sancho Cortes, Miguel Angel"]
[Result "1/2-1/2"]
[WhiteElo "2104"]
[BlackElo "2048"]
[PlyCount "131"]
[EventDate "2018.??.??"]
[EventType "tourn"]
[EventRounds "10"]
[EventCountry "ESP"]
[WhiteTeam "Jaque"]
[BlackTeam "Marcos Frechin"]

1. e4 e5 2. Nf3 Nc6 3. Nc3 Nf6 4. g3 d5 5. exd5 Nxd5 6. Bg2 Nxc3 7. bxc3 Be7 8.
O-O O-O 9. Re1 Bg4 10. h3 Bh5 11. g4 Bg6 12. d4 f6 13. Nh4 Bf7 14. Nf5 Bd6 15.
d5 Ne7 16. Be3 b6 17. c4 Qd7 18. Qd3 Rac8 19. Rf1 Nxf5 20. gxf5 g5 21. Be4 h6
22. h4 Kg7 23. Kg2 Rh8 24. Rh1 Rh7 25. hxg5 hxg5 26. Bxg5 Rch8 27. Qg3 Kf8 28.
Rxh7 Rxh7 29. Bxf6 Bh5 30. Rg1 Be2 31. f3 Bc5 32. Rh1 Bxc4 33. Bxe5 Rxh1 34.
Kxh1 Bf1 35. Qg6 Qe7 36. Bf6 Qf7 37. Qh6+ Ke8 38. d6 Kd7 39. dxc7 Kxc7 40. Be5+
Kd8 41. Qh8+ Kd7 42. Qg7 Bc4 43. Qg6 Bd5 44. Bxd5 Qxd5 45. Qe6+ Qxe6 46. fxe6+
Kxe6 47. Bb8 a6 48. c4 b5 49. cxb5 axb5 50. Kg2 Be3 51. Kf1 Kd5 52. Ke2 Bg5 53.
Kd3 Bh6 54. Kc3 Bf8 55. Kd3 Bh6 56. f4 Bxf4 57. Bxf4 Kc6 58. Kc3 Kb6 59. Kb4
Ka6 60. Kc5 Kb7 61. Be5 Ka8 62. Kc6 Ka7 63. Kc7 Ka8 64. Kb6 b4 65. Bf4 b3 66.
axb3 1/2-1/2

[Event "División  Honor Aragonesa 2018 "]
[Site "Aragon"]
[Date "2018.02.17"]
[Round "4.27"]
[White "Ciriano Lamban, Alejandro"]
[Black "Ereza Vizcarra, Fernando"]
[Result "0-1"]
[WhiteElo "2073"]
[BlackElo "2054"]
[PlyCount "74"]
[EventDate "2018.??.??"]
[EventType "tourn"]
[EventRounds "10"]
[EventCountry "ESP"]
[WhiteTeam "Marcos Frechin"]
[BlackTeam "Jaque"]

1. d4 Nf6 2. c4 d6 3. Nc3 g6 4. e4 Bg7 5. Be2 O-O 6. Nf3 c6 7. O-O Nbd7 8. Re1
e5 9. d5 c5 10. a3 h6 11. Rb1 Kh7 12. b4 b6 13. Nd2 Ng8 14. Nb3 f5 15. Bd2 f4
16. Bg4 h5 17. Be6 Nh6 18. Nb5 Qe7 19. f3 Nf7 20. bxc5 Nxc5 21. Nxc5 bxc5 22.
Bxc8 Rfxc8 23. Qa4 g5 24. Rb2 g4 25. Reb1 gxf3 26. gxf3 Qh4 27. Ba5 Rg8 28. Kh1
Qh3 29. Qd1 Ng5 30. Rf2 Bf8 31. Qf1 Qh4 32. Rg2 Qh3 33. Rb3 Nxe4 34. fxe4 Qxb3
35. Rxg8 Kxg8 36. Qg2+ Kh7 37. Qg5 Qb1+ 0-1

[Event "División  Honor Aragonesa 2018 "]
[Site "Aragon"]
[Date "2018.02.17"]
[Round "4.28"]
[White "Roque Sola, Andrea"]
[Black "Fabre Perez, Jose Maria"]
[Result "1-0"]
[WhiteElo "1921"]
[BlackElo "1943"]
[PlyCount "63"]
[EventDate "2018.??.??"]
[EventType "tourn"]
[EventRounds "10"]
[EventCountry "ESP"]
[WhiteTeam "Jaque"]
[BlackTeam "Marcos Frechin"]

1. c4 Nf6 2. g3 e5 3. Bg2 d5 4. cxd5 Nxd5 5. Nc3 Nb6 6. Nf3 Nc6 7. d3 Be7 8. a3
a5 9. O-O O-O 10. Be3 Bg4 11. h3 Be6 12. Ne4 Qc8 13. Kh2 Nd5 14. Bd2 f6 15. Rc1
Qe8 16. Nc3 Qf7 17. Nb5 Rad8 18. e4 Nb6 19. Be3 Nc4 20. Qe2 Nxe3 21. fxe3 Bd6
22. d4 Bc8 23. Qc2 exd4 24. exd4 Qh5 25. Nxd6 Rxd6 26. d5 Ne5 27. Nxe5 Qxe5 28.
Qxc7 Rfd8 29. Qc3 Qh5 30. Qf3 Qg5 31. Qf4 Qg6 32. Rxc8 1-0

[Event "División  Honor Aragonesa 2018 "]
[Site "Aragon"]
[Date "2018.02.17"]
[Round "4.29"]
[White "Cebollada Pacheco, Jesus Raul"]
[Black "Garza Marco, Sergio"]
[Result "0-1"]
[WhiteElo "2042"]
[BlackElo "2418"]
[PlyCount "74"]
[EventDate "2018.??.??"]
[EventType "tourn"]
[EventRounds "10"]
[EventCountry "ESP"]
[WhiteTeam "St. Casablanca B"]
[BlackTeam "Helios"]

1. e4 g6 2. d4 Bg7 3. Nf3 d6 4. Be2 Nf6 5. Nc3 O-O 6. O-O c6 7. a4 Nbd7 8. a5
Qc7 9. Be3 e5 10. d5 cxd5 11. Nb5 Qb8 12. exd5 a6 13. Nc3 b5 14. axb6 Nxb6 15.
Ra5 Ng4 16. Bxb6 Qxb6 17. Qa1 Rb8 18. Nd2 Qxb2 19. Rb1 Qxa1 20. Rbxa1 e4 21.
R1a3 e3 22. fxe3 Nxe3 23. Nce4 Nxc2 24. Rb3 Rxb3 25. Nxb3 Be5 26. Bxa6 Bxa6 27.
Rxa6 Rb8 28. Ned2 Ne3 29. Ra5 Bc3 30. Ra6 Be5 31. Ra5 Kg7 32. g3 h5 33. Kf2
Ng4+ 34. Kg2 Rc8 35. h3 Nf6 36. Rb5 Rc3 37. Nf1 Ne4 0-1

[Event "División  Honor Aragonesa 2018 "]
[Site "Aragon"]
[Date "2018.02.17"]
[Round "4.30"]
[White "Guzman Moneo, Alberto"]
[Black "Arjol Lopez, Daniel"]
[Result "0-1"]
[WhiteElo "2239"]
[BlackElo "2042"]
[PlyCount "62"]
[EventDate "2018.??.??"]
[EventType "tourn"]
[EventRounds "10"]
[EventCountry "ESP"]
[WhiteTeam "Helios"]
[BlackTeam "St. Casablanca B"]

1. e4 c5 2. Nc3 g6 3. f4 Bg7 4. Nf3 d6 5. Bb5+ Bd7 6. Bc4 Nc6 7. a3 Nf6 8. O-O
O-O 9. d3 e6 10. f5 Nd4 11. fxg6 hxg6 12. e5 Ne8 13. exd6 Nxd6 14. Ba2 Bc6 15.
Ng5 Bf6 16. Qg4 Kg7 17. Rf2 Rh8 18. Nce4 Nxe4 19. dxe4 Ne2+ 20. Qxe2 Bxg5 21.
Qf3 f5 22. Qc3+ Bf6 23. e5 Bh4 24. Rd2 Qb6 25. Rd6 Rad8 26. Be3 Rxd6 27. Bxc5
Qxc5+ 28. Qxc5 Rd2 29. c4 Bd8 30. Qe3 Rxg2+ 31. Kf1 Rhxh2 0-1

[Event "División  Honor Aragonesa 2018 "]
[Site "Aragon"]
[Date "2018.02.17"]
[Round "4.31"]
[White "Jaques Burguete, Raul"]
[Black "Calvo Simon, Jorge"]
[Result "0-1"]
[WhiteElo "2002"]
[BlackElo "2223"]
[PlyCount "50"]
[EventDate "2018.??.??"]
[EventType "tourn"]
[EventRounds "10"]
[EventCountry "ESP"]
[WhiteTeam "St. Casablanca B"]
[BlackTeam "Helios"]

1. e4 e6 2. d4 d5 3. exd5 exd5 4. Bd3 Nc6 5. c3 Bd6 6. Nf3 Bg4 7. O-O Nge7 8.
Nbd2 Qd7 9. a4 f6 10. b4 g5 11. a5 Ng6 12. Bb5 a6 13. Ba4 Kf7 14. Qb3 Nf4 15.
g3 Bh3 16. Re1 Rae8 17. Bb2 Qf5 18. c4 Rxe1+ 19. Rxe1 Nd3 20. Re3 Ncxb4 21. c5
Bf4 22. Rxd3 Nxd3 23. Qxb7 Bxd2 24. Qxc7+ Kg6 25. Qe7 Qxf3 0-1

[Event "División  Honor Aragonesa 2018 "]
[Site "Aragon"]
[Date "2018.02.17"]
[Round "4.32"]
[White "Munoz Munoz, Juan Carlos"]
[Black "Roque Sola, Gisela"]
[Result "0-1"]
[WhiteElo "1966"]
[BlackElo "1978"]
[PlyCount "82"]
[EventDate "2018.??.??"]
[EventType "tourn"]
[EventRounds "10"]
[EventCountry "ESP"]
[WhiteTeam "Helios"]
[BlackTeam "St. Casablanca B"]

1. c4 Nf6 2. Nc3 e6 3. g3 d5 4. d4 Bb4 5. Bg2 O-O 6. Nf3 c5 7. cxd5 Nxd5 8. Bd2
Bxc3 9. bxc3 Nc6 10. O-O Bd7 11. e4 Nb6 12. e5 h6 13. Qc1 Qe7 14. Rb1 cxd4 15.
cxd4 Rac8 16. Qe1 Rfd8 17. Qe4 Be8 18. Rfc1 Nd5 19. Bh3 Ncb4 20. Rxc8 Rxc8 21.
Qg4 Kh8 22. a3 Na2 23. Bg5 Qxa3 24. Rxb7 hxg5 25. Qh5+ Kg8 26. Nxg5 Qd3 27.
Qh7+ Qxh7 28. Nxh7 Kxh7 29. Rxa7 Rc1+ 30. Kg2 Nab4 31. f4 Nc6 32. Ra8 Nxd4 33.
Rxe8 Rc2+ 34. Kh1 Nf3 35. Bg2 Rc1+ 36. Bf1 Rxf1+ 37. Kg2 Ne3+ 38. Kh3 Ng1+ 39.
Kh4 Rf2 40. h3 Nf3+ 41. Kh5 g6# 0-1

[Event "Cto Aragon Equipos Pref Gr I "]
[Site "Aragon"]
[Date "2018.02.17"]
[Round "4.33"]
[White "Lopez Caudevilla, David"]
[Black "Carruez Gracia, Eduardo"]
[Result "1-0"]
[WhiteElo "2115"]
[BlackElo "2024"]
[PlyCount "47"]
[EventDate "2018.??.??"]
[EventType "tourn"]
[EventRounds "9"]
[EventCountry "ESP"]
[WhiteTeam "Actur Rey Fernando"]
[BlackTeam "Agrupacion C"]

1. e4 e6 2. d3 d5 3. Nd2 Nf6 4. g3 dxe4 5. dxe4 e5 6. Bg2 Bc5 7. Ngf3 O-O 8.
O-O Nc6 9. c3 a5 10. Qc2 Qe7 11. Nc4 b6 12. Ne3 g6 13. Re1 Bxe3 14. Bxe3 Ba6
15. Bg5 Qe6 16. h4 Ng4 17. h5 h6 18. Bd2 g5 19. Qc1 Nf6 20. Bxg5 hxg5 21. Qxg5+
Kh8 22. Bh3 Qxh3 23. Qxf6+ Kg8 24. h6 1-0

[Event "Cto Aragon Equipos Pref Gr I "]
[Site "Aragon"]
[Date "2018.02.17"]
[Round "4.34"]
[White "Carruez Berges, Fernando"]
[Black "Serrano San Nicolas, Angel"]
[Result "1-0"]
[WhiteElo "1981"]
[BlackElo "1998"]
[PlyCount "67"]
[EventDate "2018.??.??"]
[EventType "tourn"]
[EventRounds "9"]
[EventCountry "ESP"]
[WhiteTeam "Agrupacion C"]
[BlackTeam "Actur Rey Fernando"]

1. e4 g6 2. d4 Bg7 3. Nc3 d6 4. f4 a6 5. a4 b6 6. Nf3 e6 7. Bd3 Nd7 8. f5 exf5
9. exf5 Ne7 10. O-O O-O 11. fxg6 Nxg6 12. Bg5 f6 13. Bc4+ Kh8 14. Be3 c6 15. h4
d5 16. Bd3 Re8 17. Qd2 Qc7 18. h5 Rxe3 19. Qxe3 Qf4 20. Qe8+ Ngf8 21. Rae1 Bb7
22. Qf7 Rd8 23. Re7 Qh6 24. Bf5 Bc8 25. Re8 Ne5 26. Nxe5 Qe3+ 27. Kh1 Rxe8 28.
Qxe8 Qxd4 29. Nf7+ Kg8 30. Bxc8 Qh4+ 31. Kg1 f5 32. Nd1 Bd4+ 33. Ne3 Bc5 34.
Nh6+ 1-0

[Event "Cto Aragon Equipos Pref Gr I "]
[Site "Aragon"]
[Date "2018.02.17"]
[Round "4.35"]
[White "Perez Puyal, Jose Joaquin"]
[Black "Manguez Tomas, Andres"]
[Result "0-1"]
[WhiteElo "1877"]
[BlackElo "1939"]
[PlyCount "88"]
[EventDate "2018.??.??"]
[EventType "tourn"]
[EventRounds "9"]
[EventCountry "ESP"]
[WhiteTeam "Actur Rey Fernando"]
[BlackTeam "Agrupacion C"]

1. e4 d5 2. exd5 Qxd5 3. Nc3 Qa5 4. Bc4 Nf6 5. d4 Bg4 6. Nge2 Nbd7 7. Bd2 c6 8.
h3 Bh5 9. g4 Bg6 10. Nf4 Qc7 11. h4 e5 12. dxe5 Nxe5 13. Nxg6 hxg6 14. Qe2
O-O-O 15. O-O-O Nexg4 16. f3 Nh6 17. Ne4 Nxe4 18. fxe4 Bd6 19. Qf2 b5 20. Be2
Be5 21. Be3 Kb8 22. Bd4 Bxd4 23. Rxd4 Rxd4 24. Qxd4 Qf4+ 25. Kb1 Nf5 26. Qd3
Ng3 27. Rd1 Nxe2 28. Qxe2 Qxh4 29. a4 Rh5 30. Qd3 Qe7 31. a5 Re5 32. Qc3 Kc7
33. Qd4 c5 34. Qd3 a6 35. Qg3 Kc6 36. Qb3 Qe6 37. Qg3 Kb7 38. Rd8 f5 39. Qd3
Rxe4 40. Qd7+ Qxd7 41. Rxd7+ Kc6 42. Rxg7 Re6 43. Kc1 Kd5 44. Kd2 f4 0-1

[Event "Cto Aragon Equipos Pref Gr I "]
[Site "Aragon"]
[Date "2018.02.17"]
[Round "4.36"]
[White "Montes Llorente, Diego"]
[Black "Aviol Perez, Jose Mariano"]
[Result "1-0"]
[WhiteElo "1775"]
[BlackElo "1786"]
[PlyCount "106"]
[EventDate "2018.??.??"]
[EventType "tourn"]
[EventRounds "9"]
[EventCountry "ESP"]
[WhiteTeam "Agrupacion C"]
[BlackTeam "Actur Rey Fernando"]

1. Nf3 d5 2. g3 Nf6 3. Bg2 Nc6 4. d4 Bf5 5. O-O Ne4 6. Nbd2 e6 7. c3 Be7 8.
Nxe4 Bxe4 9. Nd2 Bxg2 10. Kxg2 h5 11. e4 h4 12. Qg4 Qd7 13. exd5 Qxd5+ 14. Qf3
O-O-O 15. Qxd5 Rxd5 16. Nf3 Rf5 17. g4 h3+ 18. Kg3 Bd6+ 19. Ne5 Bxe5+ 20. f4
Bxf4+ 21. Bxf4 Rb5 22. b4 Rd5 23. Rae1 Rd7 24. Bc1 b5 25. g5 g6 26. Rf3 Ne7 27.
Kg4 Nf5 28. Rxh3 Rxh3 29. Kxh3 Kb7 30. Kg4 Kc6 31. Re5 Rd5 32. Re1 a6 33. a3
Rd8 34. Re5 Rh8 35. Rc5+ Kb7 36. Bf4 Rh4+ 37. Kf3 Nd6 38. Bg3 Rh5 39. h4 Rh8
40. d5 exd5 41. Rxd5 Kc6 42. Rc5+ Kd7 43. a4 c6 44. axb5 axb5 45. Re5 Re8 46.
Rxe8 Nxe8 47. Ke4 Ng7 48. Ke5 Ke7 49. Bf2 Ne6 50. Bc5+ Ke8 51. Kd6 Nf4 52. Kxc6
Ne2 53. Bd4 Nf4 1-0